000 00909nam a2200241Ia 4500
003 Ost
005 20260507075536.0
008 260507s9999||||xx |||||||||||||| ||und||
020 _a9773500365
040 _cfsecg
041 _aara
082 _a657
100 _aكمال، محمد
_eمؤلف
245 0 _aمبادئ المحاسبة /
_c محمد كمال
260 _aالقاهرة:
_bدار الكتاب الحديث,
_c2008
300 _a491 صفحة؛
_bإيضاحات ؛
_c24 سم
520 _aيضم الإطار المفاهيمي للمحاسبة والقوائم المالية، عناصر القوائم المالية، الإعتراف بالإيراد
653 _aالمالية العامة- المحاسبة
653 _aالمحاسبة
653 _aالمحاسبة التحليلية
700 _aأحمد، عبد الله
_eمؤلف ثانوي
942 _cكتاب
999 _c44840
_d44840